000 01097nam0a2200313 4500
001 RU\NLR\ONL2\28886
005 20250613224935.0
010 _a978-5-7696-4150-3
_95000
035 _a(NLR Aleph) 010215839
090 _a10296993
_c10296993
100 _a20131106d2013 |||y0rusy50 ca
101 0 _asah
102 _aRU
105 _aa |||||||||
200 1 _aЫллык
_eалын кылаас оҕолоругар
_f[хомуйан оҥордулар Г. С. Гаврильева, Л. С. Заровняева
_gС. Ю. Орестов уруһуйдара]
210 _aДьокуускай
_cБичик
_d2013
215 _a79 с.
_cил.
_d21
225 1 _aБииргэ ааҕабыт
541 1 _aТропинка
_zrus
686 1 _aШ9(2)6=Я я44
702 1 _aГаврильева
_bГ. С.
_gГалина Семёновна
_4220
702 1 _aОрестов
_bС. Ю.
_4440
801 0 _aRU
_bNLR
_c20131106
_gPSBO
852 _aNLR
_bОНЛ
_jЯкут./3-2867
942 _cBOOK
980 _aNB
980 _aONL_RF